000 00711cam a22002292 4500
999 _c5762
_d5762
003 ALUPE UNIVERSITY
005 20220620130947.0
008 770126s1958 xx 001 0 eng d
020 _a-
040 _cVYL
050 _aRB145
_b.S77 1958
090 _aRB145
_b.S8
100 1 _aStratton, Fred.
245 1 0 _aPractical blood grouping /
_cby F. Stratton and P. H. Renton.
260 _aOxford [Eng.] :
_bBlackwell Scientific Publications,
_cc1958.
300 _axxiv, 331 p., 20 plates :
_bill., tables ;
_c23 cm.
504 _aIncludes bibiliographies.
650 0 _aBlood groups.
700 1 _aRenton, Peter Heap.
942 _2lcc
_cBK
_nCM